| 000 | 00472cam a2200169ua 4500 | ||
|---|---|---|---|
| 020 | _c1.75 | ||
| 041 |
_amal _h |
||
| 082 |
_a894.81209 _bBAL/KU |
||
| 100 | _aBalakrishna Pillai, A . | ||
| 245 |
_aKurekudi sankethika grantha nirupanangal / _cA Balakrishna Pillai. _hTextual Documents |
||
| 260 |
_aKottayam : _bSahitya Parishad Co Operative Society Limited , _c1960. |
||
| 300 | _a130 ; . | ||
| 365 | _a1.75 | ||
| 504 | _a | ||
| 942 | _cBK | ||
| 999 |
_c4545 _d4545 |
||